Stati confinanti più estesi - Quiz n°9 - Statistics

Statistiche generali
  • Questo quiz è stato fatto 7 volte
  • Il punteggio medio è 9 su 10
Statistiche sulle risposte
Nazione Nazione confinante più estesa % Corretto
Mali Algeria
100%
Perù Brasile
100%
India Cina
100%
Ecuador Perù
100%
Romania Ucraina
100%
Colombia Brasile
86%
Birmania Cina
86%
Kirghizistan Cina
86%
Andorra Francia
86%
Costa d’Avorio Mali
57%
Nessun quiz corrispondente trovato
Distribuzione punteggi
Percentuale di utenti per punteggio
Percentile per numero di risposta
I tuoi punteggi nel tempo
Non hai fatto questo quiz